| 000 | 00427nam a2200145Ia 4500 | ||
|---|---|---|---|
| 008 | 230917s9999||||xx |||||||||||||| ||und|| | ||
| 040 |
_e162977 _aMAIN |
||
| 041 | _aEnglish | ||
| 082 | _a891.433721 AK13G | ||
| 100 | _aअमरकान्त | ||
| 245 | 0 | _aग्रामसेविका | |
| 260 |
_aनई दिल्ली _bराजकमल प्रकाशन _c2008 |
||
| 300 | _a131 पृ. p. | ||
| 942 | _cHN | ||
| 999 |
_c154673 _d154673 |
||